K některým východiskům moderně koncipované agrární politiky v tržních podmínkách.
Vážne porušenie rovnováhy na svetových trhoch poľnohospodárskymi výrobkami, ktoré bolo zapríčinené zlyhaním nástrojov poľnohospodárskej politiky vo vyspelých krajinách. Stimulácia dopytu a antiimportné opatrenia. Nutnosť prerozdeľovať celospoločenské zdroje v prospech poľnohospodárstva.
Guardado en:
| Autor principal: | |
|---|---|
| Formato: | Capítulo de libro |
| Lenguaje: | checo |
| Materias: | |
| Etiquetas: |
Sin Etiquetas, Sea el primero en etiquetar este registro!
|
MARC
| LEADER | 00000naa a2200000 4500 | ||
|---|---|---|---|
| 001 | r001337 | ||
| 005 | 20220819180836.5 | ||
| 041 | 0 | |a cze | |
| 044 | |a [CS] | ||
| 245 | 1 | 0 | |a K některým východiskům moderně koncipované agrární politiky v tržních podmínkách. |c J. Kraus |
| 520 | |a Vážne porušenie rovnováhy na svetových trhoch poľnohospodárskymi výrobkami, ktoré bolo zapríčinené zlyhaním nástrojov poľnohospodárskej politiky vo vyspelých krajinách. Stimulácia dopytu a antiimportné opatrenia. Nutnosť prerozdeľovať celospoločenské zdroje v prospech poľnohospodárstva. | ||
| 610 | 2 | 0 | |a politika poľnohospodárska |
| 610 | 2 | 0 | |a mechanizmus trhový |
| 610 | 2 | 0 | |a trh svetový |
| 610 | 2 | 0 | |a výrobky poľnohospodárske |
| 610 | 2 | 0 | |a stimulovanie |
| 610 | 2 | 0 | |a dopyt |
| 100 | 1 | |a Kraus, Josef | |